00389nam a22001457a 450000500170000000800410001702200130005804100130007108200120008410000130009624500350010926000470014430000260019165000260021720240415080013.0240415b |||||||| |||| 00| 0 eng d a02582503 aEnglish  a349 SOU lEnglish  aThe South African Law Journal  aCape Town : bJuta and Company Ltd, c1884 b187 pages ; c25 cm.  aLegal practice bLaw